000 00386pab a2200145 454500
008 180718b1990 xxu||||| |||| 00| 0 eng d
100 _aBautista, Germelino M.
245 _aThe forestry crisis in the Philippines
_bNature, causes and issues
260 _c1990
300 _a67-94
362 _aMar.
650 _aForests - Philippines
773 _aDeveloping Economies
909 _a9044
999 _c9044
_d9044